|
|
|
|
| LEADER |
00668nta a2200181 i 4500 |
| 001 |
dipl116185 |
| 005 |
20210614135237.0 |
| 008 |
210602s1996 hu om 0|| zxx d |
| 040 |
|
|
|a SZTE Diploma Repozitórium
|b hun
|
| 041 |
|
|
|a zxx
|
| 100 |
1 |
|
|a Kékes Zsuzsanna
|
| 245 |
1 |
0 |
|a Konfliktuskezelés az iskolában
|h [elektronikus dokumentum] :
|b lehetséges konfliktusok /
|c Zsuzsanna Kékes
|
| 260 |
|
|
|c 1996
|
| 650 |
|
4 |
|a Társadalomtudomány
|
| 650 |
|
4 |
|a Psychology
|
| 650 |
|
4 |
|a Education: systems and institutions, teaching and learning
|
| 700 |
1 |
|
|a Ormándi János
|e ths
|
| 856 |
4 |
0 |
|u http://diploma.bibl.u-szeged.hu/id/eprint/116185/1/1996_kekes_zsuzsanna.pdf
|z Dokumentum-elérés
|